Human motivation / (Record no. 88817)

MARC details
000 -CABECERA
campo de control de longitud fija 00531nam a2200193 a 4500
005 - FECHA Y HORA DE LA ÚLTIMA TRANSACCIÓN
campo de control 20220923063517.0
008 - ELEMENTOS DE LONGITUD FIJA--INFORMACIÓN GENERAL
campo de control de longitud fija 020201s1998 mx r 000 0 spa d
020 ## - NÚMERO INTERNACIONAL NORMALIZADO PARA LIBROS
Número Internacional Estándar del Libro 0534348513
035 ## - NÚMERO DE CONTROL DEL SISTEMA
Número de control de sistema UPN01000115477
049 ## - COLECCIÓN
Colección CG
050 #4 - SIGNATURA TOPOGRÁFICA DE LA BIBLIOTECA DEL CONGRESO
Número de clasificación BF503
Número de documento/Ítem F7.4 1998
100 1# - ASIENTO PRINCIPAL--NOMBRE PERSONAL
Nombre de persona Franken, Robert E.,
Fechas asociadas al nombre 1939-
245 10 - MENCIÓN DE TÍTULO
Título Human motivation /
Mención de responsabilidad, etc. Robert E. Franken.
250 ## - MENCIÓN DE EDICIÓN
Mención de edición 4a ed.
260 ## - PUBLICACIÓN, DISTRIBUCIÓN, ETC.
Lugar de publicación, distribución, etc. Pacific Grove, Calif. :
Nombre del editor, distribuidor, etc. Brooks/Cole,
Fecha de publicación, distribución, etc. 1998.
300 ## - DESCRIPCIÓN FÍSICA
Extensión 464 p. :
Otras características físicas il.
650 #7 - ASIENTO SECUNDARIO DE MATERIA - TERMINO TEMATICO
Término de materia o nombre geográfico como elemento de entrada Motivación (Psicología)
Fuente del encabezamiento o término
9 (RLIN) 5909
905 ## - TIPO DE MATERIAL
Tipo de material Libro
Holdings
Estado de retiro Estado de pérdida Fuente del sistema de clasificación o colocación Estado dañado No para préstamo Código de colección Localización permanente Ubicación/localización actual Ubicación en estantería Total de préstamos Clasificación Código de barras Fecha visto por última vez Número de copia Tipo de ítem Koha
    Library of Congress Classification     Colección General Bib. Gregorio Torres Quintero Bib. Gregorio Torres Quintero Planta baja   BF503 F7.4 1998 172143 31/12/2020 1 Libro
    Library of Congress Classification     Colección General Bib. Gregorio Torres Quintero Bib. Gregorio Torres Quintero Planta baja 3 BF503 F7.4 1998 172144 31/12/2020 1 Libro